000 00371nam a2200145Ia 4500
008 230917s9999||||xx |||||||||||||| ||und||
040 _e204215
_aMAIN
041 _aEnglish
082 _a589.3 B28A
100 _aBarsanti, Laura
245 0 _aAlgae: Anatomy, biochemistry and biotechnology
260 _aBoca Raton
_bCRC Press
_c2013
300 _a301 p.
942 _cBK
999 _c174522
_d174522